000 00402nam a2200169Ia 4500
003 OSt
005 20240307120521.0
008 170619s9999 xx 000 0 und d
020 _a8183182240
040 _cIIMT ENGINEERING COLLEGE
100 _aCherunilam- F
245 0 _aBusiness environment text and cases
260 _bNew Delhi HPS
260 _c2006
546 _aENGLISH
942 _2ddc
_c02
999 _c22281
_d22281